Radnica Čunovo

Salvato in:
Dettagli Bibliografici
Autore principale: Koncsolová, Kristína (Autore)
Altri autori: Vodrážka, Peter (Relatore della tesi)
Natura: Manoscritto Libro
Lingua:slovacco
Pubblicazione: Bratislava 2021
Soggetti:
Accesso online:http://is.stuba.sk/zp/portal_zp.pl?podrobnosti=145848
Tags: Aggiungi Tag
Nessun Tag, puoi essere il primo ad aggiungerne!!

MARC

LEADER 00000ntm a22000003a 4500
001 stuzp83725
003 SK-STU
005 20211109095759.1
007 ta
008 150427s2015----xo-----f-mn---000-0-slo-d
040 |a STU  |b slo 
041 0 |a slo 
100 1 |a Koncsolová, Kristína  |u 053130  |4 aut  |U FAD Fakulta architektúry a dizajnu  |T FAD Ústav dejín a teórie architektúry a obnovy pamiatok  |X 93647  |U A3130  |Y 394  |7 93647 
242 0 1 |a Town Hall, Čunovo  |y eng 
245 1 0 |a Radnica Čunovo 
260 |c 2021  |a Bratislava 
650 4 |a betón  |2 slo 
650 4 |a svadba  |2 slo 
650 4 |a radnica  |2 slo 
650 4 |a Čunovo  |2 slo 
650 4 |a pohľadový  |2 slo 
650 4 |a town hall  |2 eng 
650 4 |a Čunovo  |2 eng 
650 4 |a concrete  |2 eng 
650 4 |a raw  |2 eng 
650 4 |a wedding  |2 eng 
700 1 |a Vodrážka, Peter  |u 053130  |k Z1  |4 ths  |U FAD Fakulta architektúry a dizajnu  |T FAD Ústav dejín a teórie architektúry a obnovy pamiatok  |X 459  |U A3130  |Y 394  |7 A000000459 
856 4 |u http://is.stuba.sk/zp/portal_zp.pl?podrobnosti=145848  |u https://opac.crzp.sk/?fn=detailBiblioForm&sid=6327E39BEACEDA03070D0A820365